000 00746cab a2200241 4500
001 WB3512-09
008 090401t1999 xxu||||| |||| 00| 0 eng d
035 _a(Sirsi) u92347
041 _aeng
245 _aAuctions lead the way
260 _c1999
350 _a0
490 _aEstates Gazette
_v(9911) 20 March 1999, 33(1)
520 _aAuction results from the first two months of this year show that yields have fallen by 109 base points, a trend which is expected to continue.
650 _aAUCTIONS MARKET
650 _aIPD
650 _aJONES LANG LASALLE
650 _aPROPERTY MARKET
650 _aPROPERTY YIELDS
690 _aPROPERTY-COMMERCIAL PROPERTY-COMMERCIAL PROPERTY MARKET
942 _n0
948 _c24/03/1999
999 _c58555
_d58555